| 000 | 00876nam a2200265Ia 4500 | ||
|---|---|---|---|
| 001 | 56059 | ||
| 003 | 127029 | ||
| 005 | 20260211121544.0 | ||
| 008 | ||||||n9999 ||| || || | ||
| 041 | _aspa | ||
| 100 |
_aQuintero Hernandez, Maria Cecilia _977416 |
||
| 245 | 0 | _aLas regalías ecológicas como base del desarrollo de la amazonia colombiana | |
| 260 |
_aBogotá : _bEscuela Superior de Administración Pública - ESAP, _c1997. |
||
| 300 | _a126p. | ||
| 500 | _aTesis | ||
| 562 | _e1 | ||
| 650 |
_aAMAZONÍA (COLOMBIA) _95189 |
||
| 650 |
_aCONTEXTO AMBIENTAL _97532 |
||
| 650 | 0 |
_aDesarrollo regional _94193 |
|
| 650 | 0 |
_aESPECIALIZACIÓN EN GESTIÓN PÚBLICA--TESIS Y DISERTACIONES ACADÉMICAS _y1997 _953339 |
|
| 650 |
_aPROBLEMA DE DESARROLLO _918303 |
||
| 650 | 0 |
_aRegalías _910814 |
|
| 650 | 0 |
_aTesis y disertaciones académicas _93 |
|
| 942 | _cTESIS | ||
| 999 |
_c56059 _d56059 |
||